| 000 | 01303nam a2200313Ia 4500 | ||
|---|---|---|---|
| 001 | ebr10135634 | ||
| 003 | CaPaEBR | ||
| 006 | m u | ||
| 007 | cr cn||||||||| | ||
| 008 | 051228s2005 nyu sb 001 0 eng d | ||
| 020 | _z1403977046 | ||
| 020 | _z1403971226 | ||
| 040 |
_aCaPaEBR _cCaPaEBR |
||
| 035 | _a(OCoLC)647536901 | ||
| 050 | 1 | 4 |
_aDT31 _b.A37 2005eb |
| 245 | 0 | 0 |
_aAfrican parliaments _h[electronic resource] : _bbetween governance and government / _cedited by M.A. Mohamed Salih. |
| 260 |
_aNew York, N.Y. : _bPalgrave Macmillan, _c2005. |
||
| 300 | _axviii, 286 p. | ||
| 504 | _aIncludes bibliographical references (p. 264-283) and index. | ||
| 533 |
_aElectronic reproduction. _bPalo Alto, Calif. : _cebrary, _d2009. _nAvailable via World Wide Web. _nAccess may be limited to ebrary affiliated libraries. |
||
| 650 | 0 |
_aLegislative bodies _zAfrica _xHistory. |
|
| 650 | 0 | _aPan-Africanism. | |
| 650 | 0 |
_aNationalism _zAfrica _xHistory _y20th century. |
|
| 651 | 0 |
_aAfrica _xPolitics and government. |
|
| 655 | 7 |
_aElectronic books. _2local |
|
| 700 | 1 |
_aSalih, Mohamed Abdel Rahim M. _q(Mohamed Abdel Rahim Mohamed) |
|
| 710 | 2 | _aebrary, Inc. | |
| 856 | 4 | 0 |
_uhttp://site.ebrary.com/lib/rucke/Doc?id=10135634 _zAn electronic book accessible through the World Wide Web; click to view |
| 999 |
_c87551 _d87551 |
||